Visualizzazione normale
Vista MARC
- Sarmiento, Martín,
di Personal Name
Records bibliografici associati: 2
001 - CONTROL NUMBER
- control field: 6167
003 - CONTROL NUMBER IDENTIFIER
- control field: IT-RoINE
005 - DATE AND TIME OF LATEST TRANSACTION
- control field: 20141111153505.0
008 - FIXED-LENGTH DATA ELEMENTS
- fixed length control field: 140415|| aca||aabn | a|a d
040 ## - CATALOGING SOURCE
- Original cataloging agency: IT-RoINE
- Transcribing agency: IT-RoINE
100 1# - HEADING--PERSONAL NAME
- Personal name: Sarmiento, Martín,
- Titles and other words associated with a name: O.S.B.,
- Dates associated with a name: 1695-1772
- General subdivision: Biografía
670 ## - SOURCE DATA FOUND
- Source citation: Work cat.: (IT-RoINE)0: López Peláez, Antolín, 1866-1918 6166, El gran gallego :, 2002.